ပြည်ထောင်စုဆိုရှယ်လစ်သမ္မတမြန်မာနိုင်ငံတော်ဖွဲ့စည်းပုံအခြေခံဥပဒေနှင့်... / (Record no. 27367)

000 -LEADER
fixed length control field 00962nam a22001697a 4500
005 - DATE AND TIME OF LATEST TRANSACTION
control field 20260127154005.0
008 - FIXED-LENGTH DATA ELEMENTS--GENERAL INFORMATION
fixed length control field 230721b ||||| |||| 00| 0 eng d
040 ## - CATALOGING SOURCE
Transcribing agency SSBUL
Modifying agency SSBUL
082 ## - DEWEY DECIMAL CLASSIFICATION NUMBER
Edition number 23
Classification number ၃၄၂.၅၉၁ ပြည် ၁၆၀၇၃ (S-SAT)
245 ## - TITLE STATEMENT
Title ပြည်ထောင်စုဆိုရှယ်လစ်သမ္မတမြန်မာနိုင်ငံတော်ဖွဲ့စည်းပုံအခြေခံဥပဒေနှင့်... /
260 ## - PUBLICATION, DISTRIBUTION, ETC.
Place of publication, distribution, etc. ရန်ကုန်၊
Name of publisher, distributor, etc. မြန်မာ့ဆိုရှယ်လစ်လမ်းစဉ်ပါတီ၊
Date of publication, distribution, etc. ၁၉၇၃။
300 ## - PHYSICAL DESCRIPTION
Extent ၂၉၆ စာမျက်နှာ၊
Dimensions ၂၁ စင်တီ။
500 ## - GENERAL NOTE
General note S-SAT: Dr. Prof Sai Aung Tun
650 ## - SUBJECT ADDED ENTRY--TOPICAL TERM
Topical term or geographic name entry element ဖွဲ့စည်းပုံအခြေခံဥပဒေ
Geographic subdivision မြန်မာနိုင်ငံ။
9 (RLIN) 27832
Topical term or geographic name entry element အစီရင်ခံစာ။
9 (RLIN) 27831
942 ## - ADDED ENTRY ELEMENTS (KOHA)
Source of classification or shelving scheme
Koha item type Book (Short term)
Holdings
Withdrawn status Lost status Source of classification or shelving scheme Damaged status Not for loan Collection code Permanent Location Current Location Shelving location Date acquired Total Checkouts Full call number Barcode Date last seen Price effective from Koha item type Accession
          Special Collections Shan State Buddhist University Library Shan State Buddhist University Library Special Collection Shelves 21/07/2023   ၃၄၂.၅၉၁ ပြည် ၁၆၀၇၃ (S-SAT) MB00016073 21/07/2023 21/07/2023 Book (Short term) ၁၆၀၇၃ (S-SAT)

Library - 09407999929
Admin Office - 09407999979
Dean Office - 09250910768
Registrar Office - 09892297154
Email - [email protected]
Shan State Buddhist University, Phaya Phyu Taunggyi, Shan State, Myanmar.